[Event "Inautomarket Open"]
[Site "Minsk BLR"]
[Date "2008.07.13"]
[Round "4"]
[White "Grishchenko,S1"]
[Black "Zablotsky,S"]
[Result "1/2-1/2"]
[WhiteElo "2405"]
[BlackElo "2514"]

1.d4 d5 2.c4 Nc6 3.Nc3 dxc4 4.Nf3 Nf6 5.d5 Na5 6.e4 c6 7.Be2 e6 8.d6 e5 9.b4 cxb3
10.Ba3 b2 11.Rb1 Nd7 12.Qa4 b6 13.Rxb2 Qf6  1/2-1/2

[Event "XXIII Tadeusz Gniota Mem"]
[Site "Police POL"]
[Date "2008.07.14"]
[Round "7"]
[White "Shishkin,Va UKR"]
[Black "Zschaebitz,K"]
[Result "1-0"]
[WhiteElo "2506"]
[BlackElo "2103"]

1.d4 d5 2.c4 Nc6 3.Nc3 dxc4 4.Nf3 Nf6 5.Bg5 h6 6.Bxf6 exf6 7.e3 a6 8.Bxc4 Bd6
9.a3 f5 10.b4 O-O 11.O-O Bd7 12.Rc1 Na7 13.Qb3 Nb5 14.Ne2 c6 15.Rfd1 Qe7
16.d5 cxd5 17.Bxd5 Be6 18.Bxe6 fxe6 19.Rd3 Rad8 20.Nfd4 Nxd4 21.Nxd4 Qf7
22.Rcd1 Rde8 23.g3 Be5 24.Ne2 Re7 25.b5 axb5 26.Qxb5 Bf6 27.a4 Qh5 28.Nf4 Qe8
29.Rd7 Rxd7 30.Rxd7 Rf7 31.Rxb7 Qxb5 32.Rxb5 Ra7 33.Nxe6 g6 34.Nc5 Be7 35.a5 Kf8
36.Nb3 Bd8 37.h4 h5 38.Kf1 Ke8 39.Ke2 Kd7 40.Kd3 Kd6 41.Kc4 Rc7+ 42.Nc5 Rc6
43.a6 Rc8 44.a7 Bc7 45.Rb2 Ra8 46.Ra2 Bb6 47.Ra6 Kc7 48.Kb5 Bxa7 49.Rxg6 Rb8+
50.Kc4 Rb2 51.Nd3 Rc2+ 52.Kb3 Rd2 53.Kc3 Ra2 54.Rg5 Ra5 55.Rxh5 Kd6 56.Rh8 Ra3+
57.Kd2 Kd5 58.Ke2 Bb6 59.Nf4+ Kd6 60.Rh6+ Kc5 61.Rf6  1-0

[Event "XIII Open"]
[Site "Balaguer ESP"]
[Date "2008.07.19"]
[Round "6"]
[White "Gupta,Ab"]
[Black "Colas Longares,R"]
[Result "1-0"]
[WhiteElo "2551"]
[BlackElo "2258"]

1.d4 d5 2.c4 Nc6 3.Nc3 dxc4 4.Nf3 Nf6 5.e4 Bg4 6.d5 Ne5 7.Bf4 Ng6 8.Bg3 e5
9.dxe6 Bxe6 10.Nd4 Bd7 11.e5 Ng4 12.e6 Bxe6 13.Nxe6 Qxd1+ 14.Rxd1 fxe6 15.Bxc4 e5
16.O-O Bd6 17.Bb5+ Kf7 18.Bc4+ Ke8 19.Rfe1 Rf8 20.Bd5 Rb8 21.Be4 Kf7 22.Bd5+ Ke7
23.Bf3 Nf6 24.h4 Kf7 25.Nb5 Rfd8 26.Rc1 a6 27.Nxc7 e4 28.Bxe4 Nxe4 29.Rxe4 Bxg3
30.fxg3 Rbc8 31.h5 Nf8 32.Rf1+ Kg8 33.Re7 Rd7 34.Rxf8+  1-0

[Event "Politiken Cup"]
[Site "Helsingor DEN"]
[Date "2008.07.22"]
[Round "5"]
[White "Hansen,Pa"]
[Black "Olsson,Li"]
[Result "0-1"]
[WhiteElo "2069"]
[BlackElo "2365"]

1.d4 d5 2.c4 Nc6 3.Nf3 Bg4 4.Nc3 e6 5.Bf4 Bb4 6.e3 Nge7 7.a3 Bxc3+ 8.bxc3 O-O
9.Bd3 dxc4 10.Bxh7+ Kh8 11.Bb1 Nd5 12.h3 Bh5 13.Qc2 Bg6 14.Qd2 Bxb1 15.Rxb1 Nxf4
16.exf4 Rb8 17.Qe2 Qd5 18.h4 b5 19.O-O Kg8 20.Rb2 Rb6 21.Rfb1 Rfb8 22.Ng5 a5
23.Qh5 Qf5 24.Qf3 b4 25.axb4 axb4 26.Qe2 bxc3 27.Rxb6 cxb6 28.Rc1 b5 29.Rxc3 Nxd4
30.Qe3 Qxf4 31.Qxf4 Ne2+ 32.Kf1 Nxf4 33.Rf3 Nd5 34.Rxf7 b4  0-1

[Event "19th Czech Chladek & Tintera A Open"]
[Site "Pardubice CZE"]
[Date "2008.07.23"]
[Round "6"]
[White "Brokken,D"]
[Black "Krapivin,Vl"]
[Result "1-0"]
[WhiteElo "2266"]
[BlackElo "2385"]

1.d4 d5 2.c4 Nc6 3.Nf3 Bg4 4.cxd5 Bxf3 5.exf3 Qxd5 6.Be3 e5 7.Nc3 Bb4 8.Qa4 exd4
9.Qxb4 Nxb4 10.Nxd5 Nxd5 11.Bxd4 Ngf6 12.Bc4 O-O 13.O-O-O c6 14.Rhe1 Rfe8
15.Rxe8+ Rxe8 16.Bxa7 b6 17.Bxd5 Nxd5 18.Rxd5 cxd5 19.Bxb6 Ra8 20.Kb1 f5
21.b3 Kf7 22.a4 Ke6 23.Kb2 Ke5 24.Kc3 g6 25.a5 Rc8+ 26.Kd3 Kd6 27.a6 Rc1
28.a7 Ra1 29.b4 Kc6 30.Bc5 Rd1+ 31.Kc2 Ra1 32.Kb2 Ra4 33.Kc3 Ra1 34.Kd4 Rd1+
35.Ke5 Re1+ 36.Be3 Ra1 37.h4 Kb5 38.Kxd5 Kxb4 39.Kc6  1-0

[Event "Politiken Cup"]
[Site "Helsingor DEN"]
[Date "2008.07.24"]
[Round "7"]
[White "Schandorff,L"]
[Black "Olsson,Li"]
[Result "1/2-1/2"]
[WhiteElo "2537"]
[BlackElo "2365"]

1.d4 d5 2.c4 Nc6 3.Nc3 dxc4 4.Nf3 Nf6 5.Bg5 Nd5 6.e4 Nxc3 7.bxc3 Na5 8.Bxc4 Nxc4
9.Qa4+ c6 10.Qxc4 g6 11.Ne5 Be6 12.d5 cxd5 13.Qb5+ Bd7 14.Qxd5 Be6 15.Qxb7 Qc8
16.Qb5+ Bd7 17.Qb3 Be6 18.Qb5+ Bd7 19.Nxd7 Qxd7 20.Rb1 Qxb5 21.Rxb5 Bg7 22.c4 O-O
23.Ke2 Rfc8 24.Rc1 e6 25.Be3 Rc6 26.Rcb1 Rac8 27.Rb8 Rxc4 28.Rxc8+ Rxc8 29.Bxa7 Be5
30.a4 Rc4 31.a5 Rxe4+ 32.Kd3 Ra4 33.Bb6 Kg7 34.g3 g5 35.Rb5 Bf6 36.Kc2 Ra2+
37.Kb3 Rb2+ 38.Kc4 Rc2+ 39.Kb4 Rb2+ 40.Kc4 Rc2+ 41.Kd3 Rc3+ 42.Ke2 Rc2+ 43.Kf3 Ra2
44.Rc5 Kg6 45.Rc8 Ra3+ 46.Ke2 Bc3 47.Ra8 e5 48.g4 Bd4 49.Rc8 Ra2+ 50.Ke1 h5
51.h3 h4 52.Bxd4 exd4 53.Ra8 Kg7 54.a6  1/2-1/2

[Event "Politiken Cup"]
[Site "Helsingor DEN"]
[Date "2008.07.24"]
[Round "7"]
[White "Nielsen,Pa"]
[Black "Jensen,I"]
[Result "1-0"]
[WhiteElo "1864"]
[BlackElo "2005"]

1.d4 d5 2.c4 Nc6 3.Bf4 Bg4 4.f3 Bh5 5.e3 e6 6.a3 Bd6 7.Bxd6 Qxd6 8.Nc3 Nge7
9.Nge2 Nf5 10.Qd2 Nh4 11.Kf2 Bg6 12.Nf4 Qd8 13.cxd5 exd5 14.Bb5 O-O 15.Ncxd5 Nxd4
16.Qxd4 c6 17.Nxg6 hxg6 18.Bxc6 Nf5 19.Qc3 bxc6 20.Nb4 Re8 21.Nc2 c5 22.Rad1 Qb6
23.g4 Nd6 24.b4 Rac8 25.Qe1 cxb4 26.Nxb4 a5 27.Nd5 Qb2+ 28.Kg3 Rc2 29.h4 Nc4
30.e4 Rg2+ 31.Kh3 Rf2 32.Kg3 Ne5 33.Qxf2  1-0

[Event "III Open"]
[Site "Oviedo ESP"]
[Date "2008.07.24"]
[Round "2"]
[White "Manolache,M"]
[Black "Aparicio Garcia,E"]
[Result "1-0"]
[WhiteElo "2521"]
[BlackElo "2140"]

1.d4 d5 2.c4 Nc6 3.Nf3 Bg4 4.Nc3 Nf6 5.Bg5 dxc4 6.d5 Bxf3 7.gxf3 Ne5 8.Bh3 c6
9.Qd4 Ned7 10.dxc6 bxc6 11.O-O-O Qc7 12.Qxc4 Nb6 13.Nb5 Qb7 14.Qb3 e6 15.Bxe6 cxb5
16.Qxb5+ Ke7 17.Rd7+ Qxd7 18.Bxd7 Nxd7 19.Qc6 Nb6 20.Qe4+ Kd7 21.Rd1+ Bd6
22.Qb7+ Ke6 23.e4 Rhc8+ 24.Kb1 Nc4 25.f4 g6 26.f5+ gxf5 27.exf5+ Kxf5 28.Qf3+  1-0

[Event "1st Open"]
[Site "Paleochora GRE"]
[Date "2008.07.25"]
[Round "6"]
[White "Halkias,S"]
[Black "Roy Chowdhury,S"]
[Result "1-0"]
[WhiteElo "2579"]
[BlackElo "2411"]

1.d4 d5 2.c4 Nc6 3.Nc3 e5 4.cxd5 Nxd4 5.e3 Nf5 6.Nf3 Bd6 7.g3 Nf6 8.Bg2 O-O
9.O-O Ne7 10.Nd2 a6 11.Nc4 b5 12.Nxd6 cxd6 13.e4 Nd7 14.Be3 Nb6 15.b3 Bd7
16.Qd2 Rc8 17.Ne2 Rb8 18.f4 f6 19.f5 b4 20.g4 Bb5 21.Rfc1 Nd7 22.Ng3 Nc5
23.Bxc5 dxc5 24.Rxc5 Nc6 25.Rac1 Nd4 26.Qxb4 Be2 27.Qa5 Qe8 28.Rc7 Bxg4 29.d6 Qb5
30.Qxb5 axb5 31.d7 Rbd8 32.Kf2 h5 33.h3 h4 34.Nf1 Bh5 35.Ra7 Kh7 36.Ne3 Bf7
37.Bf1  1-0

[Event "Politiken Cup"]
[Site "Helsingor DEN"]
[Date "2008.07.26"]
[Round "9"]
[White "Akdag,D"]
[Black "Olsson,Li"]
[Result "1/2-1/2"]
[WhiteElo "2172"]
[BlackElo "2365"]

1.d4 d5 2.c4 Nc6 3.Nf3 Bg4 4.e3 e6 5.Nc3 Bb4 6.Qb3 Bxf3 7.gxf3 Nge7 8.Bd2 O-O
9.Rg1 Rb8 10.a3 Bxc3 11.bxc3 Na5 12.Qc2 Nxc4 13.Bd3 Ng6 14.Bxc4 dxc4 15.Qa4 Qd5
16.e4 Qh5 17.Ke2 b5 18.Qxa7 Nh4 19.Rg3 e5 20.Qc5 Rbe8 21.Rag1 g6 22.Qxb5 f5
23.Qxc4+ Kh8 24.d5  1/2-1/2

[Event "Politiken Cup"]
[Site "Helsingor DEN"]
[Date "2008.07.27"]
[Round "10"]
[White "Peschardt,S"]
[Black "Rasmussen,M1"]
[Result "1-0"]
[WhiteElo "2137"]
[BlackElo "1885"]

1.d4 d5 2.c4 Nc6 3.Nf3 Bg4 4.e3 e5 5.Be2 e4 6.Ne5 Bxe2 7.Qxe2 Nxe5 8.dxe5 Qg5
9.O-O Qxe5 10.cxd5 O-O-O 11.Nc3 f5 12.f4 exf3 13.Qxf3 g6 14.e4 Bc5+ 15.Kh1 fxe4
16.Qh3+ Kb8 17.Bf4 Qg7 18.Nb5 Rc8 19.Rac1 Qe7 20.d6  1-0

[Event "III Open"]
[Site "Oviedo ESP"]
[Date "2008.07.28"]
[Round "6"]
[White "Patallo Bermudez,A"]
[Black "Patallo Bermudez,D"]
[Result "1-0"]
[WhiteElo "1911"]
[BlackElo "1699"]

1.d4 d5 2.c4 Nc6 3.Nc3 e5 4.cxd5 Nxd4 5.e3 Nf5 6.Nf3 f6 7.e4 Nd6 8.Be2 Ne7
9.O-O Ng6 10.Qc2 Be7 11.Be3 O-O 12.Rac1 Bd7 13.Nd2 Rc8 14.Nc4 Kh8 15.Nxd6 Bxd6
16.Nb5 a6 17.Nxd6 cxd6 18.Qd2 Qe7 19.Qb4 b5 20.Qa5 Rxc1 21.Rxc1 Bc8 22.Rc7 Qe8
23.Qc3 Ne7 24.Ra7 Qd8 25.Qc7 Qxc7 26.Rxc7 Re8 27.Kf1 Kg8 28.Ke1 Kf8 29.Bd2 Rd8
30.Bb4 Ke8 31.Bh5+ g6 32.Bd1 Rd7 33.Rc1 Bb7 34.a4 Nc8 35.axb5 axb5 36.Be2 Ba6
37.Bxb5 Bxb5 38.Rxc8+ Kf7 39.Rh8 Kg7 40.Rb8 Bd3 41.f3 Kf7 42.Rb6 Ke7 43.g3 g5
44.Kd2 Bb1 45.Ke3 f5 46.exf5 Bxf5 47.f4 gxf4+ 48.gxf4 exf4+ 49.Kxf4 Bg6 50.h4 Rd8
51.Ke3 Bf7 52.Kd4 Bg6 53.Ba3 Bb1 54.Kc4 Ba2+ 55.b3 Bb1 56.Kb5 Bd3+ 57.Kc6 Rd7
58.Bc1 Bf5 59.Bg5+ Ke8 60.Rb8+ Kf7  1-0

[Event "95th ch-GBR"]
[Site "Liverpool ENG"]
[Date "2008.07.29"]
[Round "2"]
[White "Conquest,S"]
[Black "Lyell,M"]
[Result "1-0"]
[WhiteElo "2536"]
[BlackElo "2232"]

1.d4 d5 2.c4 Nc6 3.Nc3 dxc4 4.d5 Ne5 5.f4 Nd7 6.e4 Nb6 7.a4 a5 8.Be3 e6 9.Bxb6 cxb6
10.Bxc4 Bc5 11.Bb5+ Bd7 12.dxe6 fxe6 13.Qb3 Bxb5 14.Qxe6+ Ne7 15.axb5 Qd4
16.Nge2 Qf2+ 17.Kd2 Rd8+ 18.Kc2 Rd6 19.Qh3 Bb4 20.Rhf1 Qc5 21.Rad1 Bxc3 22.Nxc3 O-O
23.Rxd6 Qxd6 24.g3 Rc8 25.Rd1 Qb4 26.Qe6+ Kf8 27.Rd7 Re8 28.Kb1 a4 29.Nd5 Qb3
30.Nc7 Qxe6 31.Nxe6+ Kf7 32.Nc7  1-0

[Event "Dutch Open"]
[Site "Dieren NED"]
[Date "2008.07.31"]
[Round "9"]
[White "Beeke,B"]
[Black "Vos,JP"]
[Result "1/2-1/2"]
[WhiteElo "2201"]
[BlackElo "2115"]

1.d4 d5 2.c4 Nc6 3.Nc3 dxc4 4.Nf3 Nf6 5.e4 Bg4 6.Be3 e6 7.Bxc4 Bb4 8.Qd3 O-O
9.Ng5 h6 10.h4 e5 11.Nxf7 Rxf7 12.Bxf7+ Kxf7 13.Qc4+ Kg6 14.d5 Bxc3+ 15.Qxc3 Nxd5
16.exd5 Qxd5 17.f3 Be6 18.O-O Rd8 19.Bf2 Qd2 20.Rfd1 Qxd1+ 21.Rxd1 Rxd1+
22.Kh2 Rd5 23.b4 a6 24.a4 Kf7 25.g4 g6 26.Be3 Kg7 27.Kg3 Kh7 28.Qc1 Rd7 29.b5 axb5
30.axb5 Nd4 31.Qc5 Bd5 32.Qf8 Ne2+ 33.Kf2 Nf4 34.h5 Rf7 35.hxg6+ Kxg6 36.Qg8+ Rg7
37.Qe8+ Kh7 38.Kg3 Ng6 39.f4 exf4+ 40.Bxf4 Nxf4 41.Kxf4 Rf7+ 42.Kg3 c6 43.Kh4 Rg7
44.Qc8 Bf7 45.Qxb7 cxb5 46.Qxb5 Bg6 47.Qc5 Rf7 48.Qd6 Rf1 49.Qe7+  1/2-1/2

[Event "17th Open"]
[Site "Kavala GRE"]
[Date "2008.07.31"]
[Round "2"]
[White "Pavlovic,MiloM"]
[Black "Roy Chowdhury,S"]
[Result "1/2-1/2"]
[WhiteElo "2537"]
[BlackElo "2411"]

1.d4 d5 2.c4 Nc6 3.Nc3 e5 4.cxd5 Nxd4 5.e3 Nf5 6.Nf3 Bd6 7.e4 Nfe7 8.Bg5 a6
9.Be2 f6 10.Be3 Ng6 11.Nd2 N8e7 12.O-O O-O 13.Nc4 b5 14.Nxd6 cxd6 15.a3 f5
16.f3 Nf4 17.Bxf4 exf4 18.Qd4 fxe4  1/2-1/2

[Event "III Open"]
[Site "Oviedo ESP"]
[Date "2008.07.31"]
[Round "9"]
[White "Menendez Solar,J"]
[Black "Garrido Moreno,A"]
[Result "0-1"]
[WhiteElo "1844"]
[BlackElo "2027"]

1.d4 d5 2.c4 Nc6 3.Nc3 e5 4.cxd5 Nxd4 5.e3 Nf5 6.Nf3 Bd6 7.e4 Nfe7 8.Bd3 Bg4
9.O-O Nf6 10.Re1 Ng6 11.h3 Bd7 12.Be3 O-O 13.Rc1 Nh5 14.Bf1 Nhf4 15.Kh2 f5
16.g3 fxe4 17.Nxe4 Nh5 18.Bg2 Nf6 19.Nfd2 Bf5 20.Nxd6 cxd6 21.Qe2 Qd7 22.Rc4 Qb5
23.Bf1 Nxd5 24.Rc8 Qxe2 25.Rxf8+ Rxf8 26.Rxe2 Bd3 27.Re1 Nxe3 28.Bxd3 Rxf2+
29.Kh1 Rxd2 30.Rxe3 Ne7 31.Bc4+ d5 32.Rxe5 dxc4 33.Rxe7 Rxb2 34.Rc7 b5 35.Rxa7 c3
36.Rc7 c2  0-1

[Event "95th ch-GBR"]
[Site "Liverpool ENG"]
[Date "2008.08.02"]
[Round "6"]
[White "Auckland,E"]
[Black "Lyell,M"]
[Result "1-0"]
[WhiteElo "1990"]
[BlackElo "2232"]

1.d4 d5 2.c4 Nc6 3.Nf3 Bg4 4.Nc3 e6 5.Bf4 Bd6 6.Bg3 Bxf3 7.gxf3 Nge7 8.e3 O-O
9.a3 Qd7 10.f4 dxc4 11.Bxc4 Rad8 12.Bh4 Rde8 13.Rg1 Ng6 14.Qg4 f5 15.Qh5 Nce7
16.Rg3 Nxh4 17.Qxh4 Ng6 18.Qh5 Bxf4 19.exf4 Qxd4 20.Be2 Nxf4 21.Qg5 Nxe2
22.Kxe2 f4 23.Rd1 Qc4+ 24.Rgd3 Rf5 25.Qg1 Rd8 26.Qf1 Rd6 27.Kd2 Qb3 28.Kc1 Rb6
29.Rd8+ Kf7 30.R1d7+ Kf6 31.Rf8+ Kg6 32.Qg2+ Rg5 33.Qe4+ Kh5 34.Qe2+ Kh6
35.Rxf4 Rg1+ 36.Rd1 Rxd1+ 37.Nxd1 Rc6+ 38.Nc3 Rxc3+ 39.bxc3 Qxc3+ 40.Kd1 Qb3+
41.Ke1 Qxa3 42.Qxe6+ g6 43.Rh4+ Kg5 44.Qg4+ Kf6 45.Qf4+ Ke6 46.Qe3+ Qxe3+
47.fxe3 h5 48.Kd2 b5 49.Re4+ Kd6 50.Re8 a5 51.Rg8 c5 52.Rxg6+ Kd5 53.Rg5+ Kc4
54.e4 a4 55.e5 a3 56.e6  1-0

[Event "Najdorf Memorial Open"]
[Site "Warsaw POL"]
[Date "2008.08.03"]
[Round "2"]
[White "Urban,K"]
[Black "Kukawski,M"]
[Result "1-0"]
[WhiteElo "2469"]
[BlackElo "2253"]

1.d4 d5 2.c4 Nc6 3.cxd5 Qxd5 4.e3 e5 5.Nc3 Bb4 6.a3 Bxc3+ 7.bxc3 Nf6 8.c4 Qd6
9.d5 Nb8 10.Ne2 Nbd7 11.Nc3 a6 12.Be2 O-O 13.O-O Nc5 14.a4 Bf5 15.Ba3 Nfe4
16.Nxe4 Bxe4 17.f3 Bg6 18.f4 exf4 19.exf4 Bf5 20.Qd4 b6 21.a5 Rfe8 22.Bf3 Rac8
23.Rfe1 Qh6 24.Re5 Rxe5 25.Qxe5 Bd7 26.axb6 Qxb6 27.Qe3 Nd3 28.c5 Qf6 29.Rd1 Bb5
30.c6 Nxf4 31.Re1 h5 32.Be7 Qh6 33.g3 Nd3 34.Qxh6 gxh6 35.Rb1 Bc4 36.Bf6 a5
37.Ra1 Rb8 38.d6 cxd6 39.c7 Rc8 40.Bd8 Nc5 41.Rxa5 Ne6 42.Bb7 Rxc7 43.Bxc7 Nxc7
44.Rxh5 Kg7 45.Kf2 Ne8 46.Bf3 Nf6 47.Ra5 Be6 48.Ra6 Ne8 49.Ke3 Kg6 50.Kd4 Kg7
51.Rb6 Kg6 52.Bd1 Kf6 53.Bf3 Kg6 54.Rb8 Nf6 55.Rd8 Bd7 56.Bd5 Kg7 57.Bc4 Kg6
58.Bd5 Kg7 59.Bb7 Kg6 60.Bg2 Kg7 61.Bh1 Kg6 62.Bb7 Kg5 63.Bf3 Kg6 64.Bd5 Kg7
65.Be4 h5 66.Bc2 Kh6 67.Bb3 Kg7 68.Bc4 Kg6 69.Bd5 Kg7 70.Be4 Kh6 71.Bc6 Bxc6
72.Rxd6 Be8 73.Rxf6+ Kg5 74.Rf4 Kg6 75.Ke5 Bb5 76.Rf6+ Kg7 77.Kf5 h4 78.gxh4 Bc4
79.Kg5 Ba2 80.Rf2 Bb3 81.Rf1 Bc4 82.Rf4 Ba2 83.Rf5 Bb3 84.Rf1 Bc4 85.Rf3 Bd5
86.Rf6 Ba2 87.Rb6 Bc4 88.Rc6 Ba2 89.Rc7 Bb3 90.Rb7 Bc4 91.Ra7 Bb3 92.Re7 Ba2
93.Rd7 Bb3 94.Rb7 Bc4 95.Rc7 Bb3 96.Rc3 Ba2 97.Rc6 Bd5 98.Rd6 Ba2 99.h5 Bb3
100.h6+ Kh7 101.Rd3 Ba2 102.Rd4 Bb3 103.Rd6 Ba2 104.Ra6 Bb3 105.Rb6 Bc4 106.Rc6 Ba2
107.Rc7 Bb3 108.Rb7 Bc4 109.Ra7 Bb3 110.Re7 Ba2 111.Rd7 Be6 112.Rd8 Ba2 113.Ra8 Bd5
114.Rb8 Bc4 115.Rc8 Be6 116.Rb8 Bc4 117.Rb4 Ba2 118.Rd4 Bb3 119.Kh5 Ba2 120.Rg4 Bb3
121.Rg7+ Kh8 122.Kg5 Ba2 123.Kf6 Bb3 124.Rg3 Ba2 125.Rg2 Bd5 126.Rg7 Bb3
127.h7 Ba2 128.Rg2 Bd5 129.Rg5 Ba2 130.Rh5 Bb3 131.Rh4 Ba2 132.Kg5 Bb1 133.Kh6 Bxh7
134.Rb4 f5 135.Rb8+ Bg8 136.Rf8 f4 137.Rxf4 Ba2 138.Ra4 Bd5 139.Ra5 Bb3 140.Rb5 Bc4
141.Rc5 Ba2 142.Rc2 Bb3 143.Rb2 Bc4 144.Rc2 Bb3 145.Rc8+ Bg8 146.Rc5 Ba2
147.Rg5 Bb3 148.Rg1 Bc4 149.Rc1 Bd5 150.Rd1 Bb3 151.Rd8+ Bg8 152.Rd6 Ba2
153.Rg6 Bc4 154.h4 Ba2 155.Rg7 Bb3 156.Rb7 Bc4 157.Rc7 Ba2 158.Rc2 Bb3 159.Rc3 Ba2
160.Ra3 Bc4 161.Ra4 Bb3 162.Rg4 Ba2 163.Rg2 Bb3 164.h5 Bd5 165.Rd2 Bf7 166.Rd4 Ba2
167.Ra4 Bb3 168.Rb4 Bf7 169.Rb7 Bc4 170.Rd7 Ba2 171.Rd4 Bb3 172.Rb4 Bf7 173.Kg5 Bg8
174.Rb8 Kg7 175.h6+ Kh8 176.Rc8 Kh7 177.Rc7+ Kh8 178.Kg6 Ba2 179.Rh7+ Kg8
180.Rb7 Kh8 181.h7  1-0

[Event "FSIMB August"]
[Site "Budapest HUN"]
[Date "2008.08.06"]
[Round "5"]
[White "Schloetzer,W"]
[Black "Vegh,E"]
[Result "1-0"]
[WhiteElo "2280"]
[BlackElo "2298"]

1.d4 d5 2.c4 Nc6 3.cxd5 Qxd5 4.e3 e5 5.Nc3 Bb4 6.Bd2 Bxc3 7.Bxc3 exd4 8.Ne2 Nf6
9.Nxd4 O-O 10.f3 Re8 11.Nxc6 Qxc6 12.Qd4 Be6 13.Be2 Rad8 14.Qh4 Nd5 15.Bd4 Qa4
16.Qg3 Qb4+ 17.Kf2 f6 18.Rac1 b6 19.a3 Qe7 20.e4 Nf4 21.Qxf4 Rxd4 22.Rxc7 Qd8
23.Rhc1 Rd2 24.Rxa7 b5 25.Rcc7 Qd4+ 26.Qe3 Rxe2+ 27.Kxe2 Bc4+ 28.Kf2 Qxb2+
29.Kg3 Qe5+ 30.Qf4  1-0

[Event "17th Open"]
[Site "Kavala GRE"]
[Date "2008.08.06"]
[Round "8"]
[White "Bosiocic,Mari"]
[Black "Stojanovic,An"]
[Result "1-0"]
[WhiteElo "2540"]
[BlackElo "2359"]

1.d4 d5 2.c4 Nc6 3.Nc3 Nf6 4.Nf3 e6 5.Bg5 Be7 6.e3 a6 7.a3 O-O 8.h3 dxc4
9.Bxc4 b5 10.Bd3 Bb7 11.O-O Nd5 12.Bxe7 Nxc3 13.Bxd8 Nxd1 14.Rfxd1 Raxd8
15.Rac1 f5 16.Rc5 Rd6 17.Rdc1 h6 18.b4 g5 19.Bb1 Rfd8 20.Ba2 Kf8 21.Bb3 Ke7
22.R1c3 R8d7 23.Ne1 Kf6 24.Nd3 Ke7 25.h4 Ba8 26.hxg5 hxg5 27.a4 Bb7 28.Rc1 a5
29.axb5 Nxb4 30.Ne5 Bd5 31.Bxd5 Nxd5 32.Nxd7 Kxd7 33.Ra1  1-0

[Event "12th HZ Open"]
[Site "Vlissingen NED"]
[Date "2008.08.07"]
[Round "7"]
[White "Galle,A"]
[Black "Vanwersch,S"]
[Result "1/2-1/2"]
[WhiteElo "1961"]
[BlackElo "2153"]

1.d4 d5 2.c4 Nc6 3.Nf3 Bg4 4.cxd5 Bxf3 5.gxf3 Qxd5 6.e3 e5 7.Nc3 Bb4 8.Bd2 Bxc3
9.bxc3 exd4 10.cxd4 Nf6 11.Be2 O-O 12.Qb3 Qxb3 13.axb3 Rfe8 14.Bb5 Nxd4 15.Bxe8 Nc2+
16.Ke2 Nxa1 17.Ba4 b5 18.Rxa1 c6 19.e4 a6  1/2-1/2

[Event "Najdorf Memorial Open"]
[Site "Warsaw POL"]
[Date "2008.08.07"]
[Round "6"]
[White "Staniszewski,Pi"]
[Black "Kukawski,M"]
[Result "1-0"]
[WhiteElo "2416"]
[BlackElo "2253"]

1.d4 d5 2.c4 Nc6 3.e3 e5 4.cxd5 Qxd5 5.Nc3 Bb4 6.Bd2 Bxc3 7.Bxc3 exd4 8.Ne2 Nf6
9.Nxd4 O-O 10.Qb3 Nxd4 11.Bxd4 Qg5 12.Qb5 Qg6 13.h4 Ne4 14.Qe5 c5 15.h5 Qh6
16.Qxe4 cxd4 17.Qxd4 Qg5 18.h6 gxh6 19.Bd3 Bg4 20.Qe4 f5 21.Bc4+ Kg7 22.Qxb7+ Kh8
23.Qd5 Qg7 24.Qd4 Qxd4 25.exd4 Rad8 26.f3 Rxd4 27.Be2 Re8 28.Rd1 Rc4 29.Rxh6 Kg7
30.Rh2  1-0

[Event "Open"]
[Site "Stare Mesto CZE"]
[Date "2008.08.11"]
[Round "5"]
[White "Brokken,D"]
[Black "Koutny,Pe"]
[Result "1/2-1/2"]
[WhiteElo "2266"]
[BlackElo "2057"]

1.d4 d5 2.c4 Nc6 3.Nf3 Bg4 4.cxd5 Bxf3 5.exf3 Qxd5 6.Be3 e5 7.Nc3 Bb4 8.Qa4 exd4
9.Qxb4 Nxb4 10.Nxd5 Nc2+ 11.Kd2 Nxa1 12.Nxc7+ Kd7 13.Bf4 Rc8 14.Bb5+ Kd8
15.Rxa1 Rxc7 16.Bxc7+ Kxc7 17.Kd3 Ne7 18.Kxd4 Rd8+ 19.Ke3 Nf5+ 20.Kf4 Rd4+
21.Kxf5 Rd5+ 22.Ke4 Rxb5 23.Rc1+ Kd7 24.Rc2 Ke6 25.f4 Rb4+ 26.Ke3 h5 27.f3 f5
28.g3 g6 29.b3 Kd7 30.h3 Rb6 31.g4 h4 32.Rc5 Ke6 33.Ra5 a6 34.Re5+ Kf6 35.Re8 Rc6
36.Kd3 Rd6+ 37.Kc4 Rd2 38.a4 Rh2 39.g5+ Kf7 40.Rh8 Rxh3 41.a5 Kg7 42.Rb8 Rh1
43.Rxb7+ Kg8 44.Ra7 h3 45.Rxa6 Kg7 46.Ra7+ Kg8  1/2-1/2

[Event "VII Open"]
[Site "Ortigueira ESP"]
[Date "2008.08.16"]
[Round "7"]
[White "Alcaide Luque,A"]
[Black "Ramiro Ovejero,J"]
[Result "0-1"]
[WhiteElo "2149"]
[BlackElo "2370"]

1.d4 d5 2.c4 Nc6 3.Nf3 Bg4 4.Nc3 e6 5.cxd5 exd5 6.Bf4 Bb4 7.e3 Nge7 8.Bd3 Ng6
9.Bg3 O-O 10.O-O f5 11.Ne2 Bd6 12.Qb3 f4 13.Qxd5+ Kh8 14.Nxf4 Bxf4 15.Qxd8 Raxd8
16.Bxf4 Nxf4 17.exf4 Bxf3 18.gxf3 Nxd4 19.Be4 b6 20.f5 Kg8 21.Rad1 Kf7 22.Kg2 Kf6
23.Rfe1 c5 24.Rd3 a5 25.Red1 Rd6 26.a3 Rfd8 27.Kh3 Nb5 28.Kg4 Nd4 29.h4 b5
30.b3 h5+ 31.Kf4 c4 32.bxc4 bxc4 33.R3d2 c3 34.Rd3 c2  0-1

[Event "Elektroprivreda Day Rapid"]
[Site "Niksic MNE"]
[Date "2008.08.22"]
[Round "3.1"]
[White "Georgiev,Ki"]
[Black "Miladinovic,I"]
[Result "1-0"]
[WhiteElo "2671"]
[BlackElo "2571"]

1.d4 d5 2.c4 Nc6 3.Nc3 Nf6 4.Nf3 dxc4 5.e4 Bg4 6.Be3 e6 7.Bxc4 Bb4 8.Qc2 O-O
9.Rd1 Qe7 10.Be2 e5 11.d5 Nd4 12.Nxd4 exd4 13.Rxd4 Bxe2 14.Kxe2 Ng4 15.Nd1 Bc5
16.Rc4 Nxe3 17.Nxe3 Bxe3 18.Kxe3 Rae8 19.f4 Qd6 20.Rd1 Qh6 21.g3 f5 22.Rdd4 g5
23.Qf2 fxe4 24.Rxe4 Qd6 25.Rd4 Rxe4+ 26.Kxe4 c6 27.Qd2 c5 28.Rd3 g4 29.Ke3 c4
30.Rd4 Qc5 31.Kf2 Re8 32.Kg2 Qb5 33.f5 Kf7 34.Rxg4 c3 35.Qxc3 Qe2+ 36.Kh3 Qf1+
37.Kh4 Ke7 38.Qc7+  1-0

[Event "TCh-MNE Premier"]
[Site "Herceg Novi MNE"]
[Date "2008.08.26"]
[Round "2"]
[White "Tadic,Br"]
[Black "Miladinovic,I"]
[Result "1/2-1/2"]
[WhiteElo "2491"]
[BlackElo "2571"]

1.d4 d5 2.c4 Nc6 3.cxd5 Qxd5 4.e3 e5 5.Nc3 Bb4 6.Bd2 Bxc3 7.Bxc3 exd4 8.Ne2 Nf6
9.Nxd4 O-O 10.Nb5 Qg5 11.h4 Qh6 12.Qf3 Bg4 13.Qg3 Rad8 14.Nxc7 Ne4 15.Qxg4 Nxc3
16.bxc3 Qd6 17.Be2 Ne5 18.Qb4 Qxc7 19.c4 Nd3+ 20.Bxd3 Rxd3 21.O-O Rfd8 22.Rfc1 g6
23.Rab1 b6 24.h5 Qe5 25.hxg6  1/2-1/2

[Event "X Sants Open"]
[Site "Barcelona ESP"]
[Date "2008.08.27"]
[Round "6"]
[White "Walter,S2"]
[Black "Perez Mitjans,O"]
[Result "1/2-1/2"]
[WhiteElo "2244"]
[BlackElo "2438"]

1.d4 d5 2.c4 Nc6 3.e3 e5 4.dxe5 d4 5.a3 Be6 6.Nf3 dxe3 7.Qxd8+ Rxd8 8.Bxe3 Nge7
9.Nc3 Nf5 10.Be2 Nxe3 11.fxe3 g6 12.Nb5 Rd7 13.Nbd4 Nd8 14.Kf2 Bg7 15.Rad1 Ke7
16.b4 Bg4 17.Nb5 Bxf3 18.Bxf3 a6 19.Rxd7+ Kxd7 20.Bg4+ Ne6 21.Rd1+ Kc8 22.Nd4 Re8
23.Nxe6 fxe6 24.Bf3 c5 25.bxc5 Kc7 26.a4 Bf8 27.Bg4 h6 28.e4 Bg7  1/2-1/2

[Event "ch-ISL"]
[Site "Reykjavik ISL"]
[Date "2008.09.01"]
[Round "6"]
[White "Thorfinnsson,Br"]
[Black "Kristjansson,St"]
[Result "0-1"]
[WhiteElo "2387"]
[BlackElo "2477"]

1.d4 d5 2.c4 Nc6 3.cxd5 Qxd5 4.Nf3 e5 5.Nc3 Bb4 6.Bd2 Bxc3 7.Bxc3 e4 8.Ne5 e3
9.fxe3 Nxe5 10.dxe5 Ne7 11.Qxd5 Nxd5 12.Bd4 Bf5 13.g4 Be4 14.Rg1 b6 15.b3 c5
16.Bb2 a5 17.a4 Ke7 18.Kf2 Rhd8 19.Bg2 Bxg2 20.Rxg2 Ke6 21.g5 Rd7 22.Rg4 Ne7
23.Bc3 Rad8 24.Kf3 Ng6 25.Rgg1 Rd5 26.Ke4 Nxe5 27.h4 f5+ 28.gxf6 gxf6 29.Rg7 h5
30.Rb7 Nd7 31.Rg1 c4 32.Bd4 cxb3 33.Rb1 Rg8 34.Rxb3 Rg4+ 35.Kd3 Nc5+  0-1

[Event "Open A"]
[Site "Graz SUI"]
[Date "2008.09.03"]
[Round "5"]
[White "Drnovsek,N"]
[Black "Kunschek,H"]
[Result "1-0"]
[WhiteElo "2096"]
[BlackElo "2023"]

1.d4 d5 2.c4 Nc6 3.Nf3 Bg4 4.cxd5 Bxf3 5.dxc6 Bxc6 6.Nc3 e6 7.e4 Nf6 8.f3 Bb4
9.Be3 O-O 10.Bd3 h6 11.g4 Nh7 12.h4 Qe7 13.Qd2 Bxc3 14.bxc3 f5 15.g5 h5 16.O-O g6
17.Rae1 Rfd8 18.Bf4 Qf7 19.Bc4 Nf8 20.Kh2 Kh7 21.Re2 a6 22.exf5 Bd5 23.Bxd5 Rxd5
24.fxe6 Nxe6 25.Bg3 Re8 26.Rfe1 Rd7 27.Re4 Ng7 28.Qe2 Red8 29.Re7 Rxe7 30.Qxe7 Qxa2+
31.Re2 Qc4 32.Rf2 Qd5 33.Qxc7 Rd7 34.Qe5 Qc4 35.Qe1 Nf5 36.Re2 Qd3 37.Kg2 Rf7
38.Qd2 Qc4 39.Re4 Qc6 40.d5 Qd7 41.c4 Ne7 42.Re5 Nf5 43.c5 Qb5 44.Qc3 Qa4
45.Qd2 Qa3 46.Bf2 Ne7 47.Qe3 Qxe3 48.Bxe3 Nf5 49.Bf2 Re7 50.Re6 Kg8 51.c6 bxc6
52.Rxe7 Nxe7 53.d6 Nd5 54.d7 Nf4+ 55.Kg3 Ne6 56.Bb6 Kf7 57.d8=Q Nxd8 58.Bxd8 Ke6
59.f4 c5 60.Ba5 Kd5 61.Kf3 Kd4 62.f5 Ke5 63.fxg6 Ke6 64.Ke4 Ke7 65.Kf4 Kf8
66.Kf5 c4 67.g7+ Kg8 68.Bc3 a5 69.Bxa5 c3 70.Bxc3 Kh7 71.g8=Q+ Kxg8 72.Kg6  1-0

[Event "TCh-ESP Hon Gp1"]
[Site "Cala Mayor ESP"]
[Date "2008.09.04"]
[Round "2"]
[White "Giorgadze,G1"]
[Black "Romero Holmes,A"]
[Result "1/2-1/2"]
[WhiteElo "2592"]
[BlackElo "2534"]

1.d4 d5 2.c4 Nc6 3.cxd5 Qxd5 4.e3 e5 5.Nc3 Bb4 6.Bd2 Bxc3 7.bxc3 Nf6 8.f3 O-O
9.Qb3 Qd6 10.Bd3 Be6 11.Qb1 Na5 12.Qb5 Qa3 13.Qb4  1/2-1/2

[Event "5th LGA Premium Cup"]
[Site "Nuernberg GER"]
[Date "2008.09.05"]
[Round "3"]
[White "Hofer,Mark"]
[Black "Hepting,H"]
[Result "0-1"]
[WhiteElo "2004"]
[BlackElo "2214"]

1.d4 d5 2.c4 Nc6 3.Nf3 Bg4 4.Nc3 e6 5.cxd5 Bxf3 6.gxf3 exd5 7.Bf4 Bb4 8.Qd2 Nge7
9.e3 Ng6 10.Bg3 f5 11.Bd3 O-O 12.O-O-O Ba5 13.h4 Rb8 14.a3 Bxc3 15.Qxc3 Qd7
16.Kb1 b5 17.Rc1 Nge7 18.Qc5 a6 19.b4 Rb7 20.h5 Rf6 21.Bh4 Rd6 22.Bg3 Rf6
23.Rh4 Rf7 24.f4 Rb6 25.Kb2 Nc8 26.Be2 Qe6 27.Bf3 Rd7 28.Kb1 N6a7 29.Qc2 Nd6
30.Be2 Nc4 31.Ka2 Nc8 32.Bd3 N8d6 33.Re1 a5 34.Rb1 Ra6 35.bxa5 Rxa5 36.Rb3 c6
37.Qc3 Rda7 38.Qb4 Rxa3+ 39.Rxa3 Rxa3+ 40.Kb1 Rxd3  0-1